[Event "FRA Top 16 Higher Pool U16"]
[Site "France"]
[Date "2022.06.06"]
[Round "4.3"]
[White "Ider, Bayar"]
[Black "Vanderpooten, Raphael"]
[Result "1-0"]
[WhiteElo "1680"]
[BlackElo "1719"]
[PlyCount "51"]
[EventDate "2022.06.04"]
[EventType "tourn"]
[EventRounds "4"]
[EventCountry "FRA"]
[SourceTitle "EXT 2023"]
[Source "ChessBase"]
[SourceDate "2022.10.05"]
[SourceVersion "1"]
[SourceVersionDate "2022.10.05"]
[SourceQuality "1"]

1. d4 Nf6 2. c4 g6 3. Nc3 Bg7 4. Nf3 0-0 5. e4 d6 6. h3 Na6 7. Be3 e5 8. Bd3 Re8 9. 0-0 c6 10. Qc2 Nh5 11. d5 c5 12. a3 Rf8 13. Rab1 f5 14. exf5 gxf5 15. Ng5 h6 16. Ne6 Bxe6 17. dxe6 e4 18. Be2 Nf6 19. Rfd1 Qe7 20. Qd2 Rad8 21. Bxh6 Nh7 22. Bxg7 Kxg7 23. Nd5 Qxe6 24. Nf4 Qe5 25. Qc3 Rfe8 26. Qg3+ 1-0